[Event "Memoria? Zamenhofa"]
[Site "Bialystok"]
[Date "2024.12.29"]
[Round "5.30"]
[White "Golis, Wiktor"]
[Black "Butkiewicz, Jan"]
[Result "0-1"]
[WhiteElo "2313"]
[BlackElo "2070"]
[PlyCount "54"]
[EventDate "2024.??.??"]

1. e4 c5 2. Nf3 g6 3. d4 cxd4 4. Nxd4 Bg7 5. Nc3 Nc6 6. Be3 Nf6 7. Nb3 O-O 8.
Qd2 d5 9. exd5 Nb4 10. O-O-O Bf5 11. Nd4 Rc8 12. Nxf5 Rxc3 13. bxc3 Nxa2+ 14.
Kb2 Ne4 15. Qd3 gxf5 16. Bd4 Naxc3 17. Ra1 Qd6 18. Bxg7 Qb4+ 19. Kc1 Kxg7 20.
Qc4 Qb6 21. f3 Qh6+ 22. Kb2 Qf6 23. Qb3 Na4+ 24. Ka2 Nec3+ 25. Ka3 a5 26. Qc4
Qd6+ 27. Kb3 Qd8 0-1

[Event "Memoria? Zamenhofa"]
[Site "Bialystok"]
[Date "2024.12.29"]
[Round "5.31"]
[White "Pietruszewski, Marcin"]
[Black "Barwinska, Ewa"]
[Result "1-0"]
[WhiteElo "2187"]
[BlackElo "2021"]
[PlyCount "75"]
[EventDate "2024.??.??"]

1. d4 Nf6 2. c4 e6 3. Nf3 b6 4. g3 Ba6 5. b3 d5 6. cxd5 exd5 7. Bg2 Bb4+ 8. Bd2
Bxd2+ 9. Nbxd2 O-O 10. O-O Re8 11. Ne5 c5 12. Ndf3 Ne4 13. Rc1 f6 14. Nd3 Nc6
15. dxc5 bxc5 16. Re1 Qd6 17. Nh4 c4 18. Nb2 Qc5 19. e3 Rad8 20. bxc4 dxc4 21.
Qg4 Nxf2 22. Kxf2 Rxe3 23. Rxe3 Rd2+ 24. Kg1 Qxe3+ 25. Kh1 Rxb2 26. Rd1 Qe8 27.
Bd5+ Kf8 28. Nf5 Qg6 29. Qf4 Ne5 30. Qd4 Qxf5 31. Qxb2 Nd3 32. Qa3+ Ke8 33.
Bc6+ Kf7 34. Qxa6 Nf2+ 35. Kg1 Nxd1 36. Qb7+ Kf8 37. Qb8+ Ke7 38. Qc7+ 1-0

[Event "Memoria? Zamenhofa"]
[Site "Bialystok"]
[Date "2024.12.29"]
[Round "5.32"]
[White "Przybylski, Jan"]
[Black "Ciszewski, Krzysztof"]
[Result "1-0"]
[WhiteElo "1987"]
[BlackElo "2103"]
[PlyCount "143"]
[EventDate "2024.??.??"]

1. e4 c5 2. Nf3 d6 3. d4 cxd4 4. Nxd4 Nf6 5. Nc3 a6 6. Bc4 e6 7. O-O Nc6 8. a4
Be7 9. Be3 O-O 10. Bb3 Bd7 11. Nxc6 Bxc6 12. f3 b5 13. axb5 axb5 14. Rxa8 Qxa8
15. Qd2 Nd7 16. Ne2 Nc5 17. Nd4 Nxb3 18. Nxb3 e5 19. Ra1 Qc8 20. Qc3 Bf6 21.
Ra7 d5 22. Bc5 Rd8 23. Bb6 d4 24. Qc5 Rd7 25. Na5 Rxa7 26. Bxa7 Bd7 27. Qxc8+
Bxc8 28. Bb8 Bd7 29. Nb3 Kf8 30. Bd6+ Ke8 31. f4 exf4 32. Bxf4 g5 33. e5 Bg7
34. Bg3 f5 35. exf6 Bxf6 36. Bf2 d3 37. c3 b4 38. Bd4 bxc3 39. Bxc3 Bxc3 40.
bxc3 Ke7 41. Kf2 Ba4 42. Nd2 Ke6 43. Ke3 Bc6 44. Nf3 Kf6 45. Kxd3 h5 46. Ne1 h4
47. Ke3 Kf5 48. Nf3 Bb7 49. c4 Kg4 50. c5 h3 51. c6 Bc8 52. g3 Kf5 53. Kd4 Ke6
54. Nxg5+ Kd6 55. Ke4 Kxc6 56. Kf4 Kd6 57. g4 Ke7 58. Nxh3 Kf6 59. Nf2 Kg6 60.
h4 Be6 61. Ne4 Kh6 62. Nd6 Kg6 63. h5+ Kh6 64. Nf5+ Kh7 65. Ke5 Bf7 66. Kf6 Be8
67. Ke7 Bb5 68. g5 Bd3 69. Kf6 Bc4 70. g6+ Kg8 71. Nd6 Bd5 72. h6 1-0

[Event "Memoria? Zamenhofa"]
[Site "Bialystok"]
[Date "2024.12.29"]
[Round "5.33"]
[White "Krasniewski, Maciej"]
[Black "Kwiatkowski, Wiktor"]
[Result "1/2-1/2"]
[WhiteElo "1984"]
[BlackElo "2087"]
[PlyCount "50"]
[EventDate "2024.??.??"]

1. d4 e6 2. c4 f5 3. Nf3 Nf6 4. a3 a5 5. Nc3 c6 6. d5 d6 7. dxe6 Bxe6 8. e3 g6
9. Be2 Qe7 10. O-O Bg7 11. Rb1 O-O 12. Nd4 Bf7 13. b4 axb4 14. axb4 Nbd7 15.
Nb3 Ng4 16. Bxg4 Bxc3 17. Be2 Bxb4 18. Nd4 d5 19. Nc2 Bd6 20. Rxb7 Rfb8 21.
Rxb8+ Rxb8 22. Nd4 Rb6 23. cxd5 Bxd5 24. Bf3 Nf6 25. Bxd5+ cxd5 1/2-1/2

[Event "Memoria? Zamenhofa"]
[Site "Bialystok"]
[Date "2024.12.29"]
[Round "5.34"]
[White "Tokarz, Izabela"]
[Black "Ryszkiewicz, Adam"]
[Result "0-1"]
[WhiteElo "2085"]
[BlackElo "1982"]
[PlyCount "128"]
[EventDate "2024.??.??"]

1. d4 Nf6 2. c4 e6 3. Nf3 Bb4+ 4. Nbd2 d5 5. Qa4+ Nc6 6. a3 Bxd2+ 7. Bxd2 Bd7
8. Qc2 h6 9. Bf4 Nh5 10. Bd2 Nf6 11. h3 Ne4 12. Bf4 Qf6 13. e3 Nxd4 14. Nxd4 e5
15. cxd5 Nd6 16. Ne2 exf4 17. Nxf4 Rc8 18. Rd1 h5 19. Be2 h4 20. Bg4 Bxg4 21.
hxg4 Qg5 22. Qa4+ b5 23. Qxa7 Qxg4 24. Qd4 Kd7 25. Kf1 g5 26. f3 Qf5 27. Nd3
Rce8 28. Nc5+ Kd8 29. e4 Qg6 30. Nd3 g4 31. Ne5 Qg5 32. Nxg4 Nxe4 33. fxe4 Qxg4
34. Qf6+ Kc8 35. Rc1 Qxe4 36. Qa6+ Kd8 37. Qa8+ Ke7 38. d6+ Kxd6 39. Rd1+ Ke5
40. Qxe4+ Kxe4 41. Re1+ Kd3 42. Rxe8 Rxe8 43. Rxh4 Kc2 44. Rb4 c6 45. Kf2 Rd8
46. a4 bxa4 47. Rxa4 Kxb2 48. Ra7 f6 49. Rc7 Rd6 50. Kf3 Kb3 51. Kf4 Kb4 52.
Kf5 c5 53. g4 c4 54. Rb7+ Kc3 55. Rf7 Kd4 56. Rxf6 Rxf6+ 57. Kxf6 c3 58. g5 c2
59. g6 c1=Q 60. Kf7 Qf4+ 61. Kg8 Ke5 62. g7 Kf6 63. Kh7 Qh4+ 64. Kg8 Qg5 0-1

[Event "Memoria? Zamenhofa"]
[Site "Bialystok"]
[Date "2024.12.29"]
[Round "5.35"]
[White "Ptaszynski, Szymon"]
[Black "Dylag, Emilia"]
[Result "0-1"]
[WhiteElo "2069"]
[BlackElo "2108"]
[PlyCount "130"]
[EventDate "2024.??.??"]

1. e4 c5 2. Nf3 d6 3. d4 cxd4 4. Nxd4 Nf6 5. Nc3 a6 6. f3 e5 7. Nb3 Be6 8. Be3
Be7 9. Qd2 Nbd7 10. Nd5 Bxd5 11. exd5 Qc7 12. c4 O-O 13. Be2 a5 14. Rc1 Nh5 15.
O-O a4 16. Na1 Nf4 17. Bd1 f5 18. g3 Ng6 19. Bf2 f4 20. Re1 fxg3 21. hxg3 Nc5
22. Bxc5 Qxc5+ 23. Kg2 Rf5 24. Nc2 Rg5 25. Ne3 Qc8 26. Ng4 h5 27. Bc2 hxg4 28.
f4 Rf5 29. Bxf5 Qxf5 30. Qc2 Qxc2+ 31. Rxc2 exf4 32. gxf4 Bh4 33. Re4 Rf8 34.
f5 Ne7 35. Rxg4 Nxf5 36. Re2 Bf6 37. Rf4 Be5 38. Rg4 b6 39. b4 axb3 40. axb3
Rf6 41. Ree4 Rh6 42. Kg1 Rh3 43. b4 Rb3 44. c5 Rb1+ 45. Kg2 Rb2+ 46. Kg1 bxc5
47. bxc5 Bh2+ 48. Kf1 Ng3+ 49. Rxg3 Bxg3 50. c6 Rf2+ 51. Kg1 Rf8 52. Re7 Bf2+
53. Kg2 Bc5 54. Rd7 Rc8 55. Kf3 Kh7 56. Ke4 Kg6 57. Kd3 Kf6 58. Kc4 g5 59. Rb7
g4 60. Rb3 Kf5 61. Rc3 Ke5 62. Rc2 g3 63. Re2+ Kf4 64. Kb5 Kf3 65. Rc2 g2 0-1

[Event "Memoria? Zamenhofa"]
[Site "Bialystok"]
[Date "2024.12.29"]
[Round "6.1"]
[White "Klimkowski, Jan"]
[Black "Malek, Jan"]
[Result "1/2-1/2"]
[WhiteElo "2504"]
[BlackElo "2498"]
[PlyCount "49"]
[EventDate "2024.??.??"]

1. e4 c5 2. Nf3 d6 3. d4 cxd4 4. Nxd4 Nf6 5. Nc3 a6 6. h3 e5 7. Nb3 Be7 8. g4
h6 9. Be3 b5 10. Nd5 Bb7 11. Bb6 Qc8 12. Nc7+ Kf8 13. f3 Nbd7 14. Nxa8 Bxa8 15.
Bf2 d5 16. Bg2 dxe4 17. O-O h5 18. g5 Nd5 19. fxe4 Nf4 20. h4 Nxg2 21. Kxg2 f5
22. Kh2 Bxe4 23. Bg3 g6 24. Qd2 Kf7 25. Rae1 1/2-1/2

[Event "Memoria? Zamenhofa"]
[Site "Bialystok"]
[Date "2024.12.29"]
[Round "6.2"]
[White "Lewtak, Damian"]
[Black "Quparadze, Giga"]
[Result "0-1"]
[WhiteElo "2359"]
[BlackElo "2537"]
[PlyCount "72"]
[EventDate "2024.??.??"]

1. e4 c5 2. Nf3 e6 3. d4 cxd4 4. Nxd4 a6 5. Nc3 b5 6. Bd3 Qb6 7. Nb3 Qc7 8. Be3
Bb7 9. f4 Nf6 10. O-O d6 11. a3 Nbd7 12. Qf3 g6 13. Qh3 Bg7 14. Rad1 O-O 15. f5
exf5 16. exf5 Ne5 17. Kh1 Rae8 18. Nd4 Nfg4 19. Bg1 Nxd3 20. Rxd3 h5 21. Nf3 a5
22. Nh4 b4 23. axb4 axb4 24. Nd5 Qxc2 25. f6 Bh6 26. Ne7+ Kh7 27. Rxd6 Rd8 28.
Qg3 Qe2 29. Re1 Qxe1 30. Qxe1 Rxd6 31. h3 Nxf6 32. Nexg6 Re8 33. Ne5 Bd2 34.
Qg3 Ne4 35. Qf3 Rf6 36. Qxh5+ Bh6 0-1

[Event "Memoria? Zamenhofa"]
[Site "Bialystok"]
[Date "2024.12.29"]
[Round "6.3"]
[White "Karolczuk, Iwo"]
[Black "Sowinski, Pawel"]
[Result "1-0"]
[WhiteElo "2349"]
[BlackElo "2435"]
[PlyCount "61"]
[EventDate "2024.??.??"]

1. e4 c5 2. Nf3 d6 3. d4 cxd4 4. Nxd4 Nf6 5. Bd3 g6 6. c4 Bg7 7. O-O O-O 8. Nc3
Nc6 9. Nde2 Nd7 10. b3 Nc5 11. Bb2 a5 12. Rb1 Nb4 13. Bc2 Bg4 14. a3 Nxc2 15.
Qxc2 Bd7 16. b4 axb4 17. axb4 Na6 18. Nd5 e5 19. Nec3 f5 20. Rfd1 f4 21. f3 g5
22. Nb5 g4 23. Nxd6 Qg5 24. Kh1 Be6 25. b5 Nc5 26. Nc7 Rf6 27. Nxe6 Nxe6 28.
Nf5 gxf3 29. gxf3 Qh5 30. Rf1 Rff8 31. c5 1-0

[Event "Memoria? Zamenhofa"]
[Site "Bialystok"]
[Date "2024.12.29"]
[Round "6.4"]
[White "Jakubowski, Krzysztof"]
[Black "Kokoszczynski, Jan"]
[Result "1-0"]
[WhiteElo "2442"]
[BlackElo "2307"]
[PlyCount "27"]
[EventDate "2024.??.??"]

1. e4 c6 2. Nf3 d5 3. d3 dxe4 4. dxe4 Qd6 5. Qd2 Qxd2+ 6. Nbxd2 Nd7 7. e5 a5 8.
Nc4 f6 9. h4 h5 10. g3 Kd8 11. Rh2 Kc7 12. Ke2 Nb8 13. Nxa5 Be6 14. Nc4 1-0

[Event "Memoria? Zamenhofa"]
[Site "Bialystok"]
[Date "2024.12.29"]
[Round "6.5"]
[White "Rudzinska, Michalina"]
[Black "Kosakowski, Jakub"]
[Result "1/2-1/2"]
[WhiteElo "2210"]
[BlackElo "2539"]
[PlyCount "72"]
[EventDate "2024.??.??"]

1. e4 c5 2. Nf3 d6 3. d4 cxd4 4. Nxd4 Nf6 5. Nc3 a6 6. g3 e5 7. Nde2 Be7 8. Bg2
O-O 9. O-O b5 10. Nd5 Nbd7 11. Nec3 Nxd5 12. Nxd5 Nf6 13. Nxf6+ Bxf6 14. a4
bxa4 15. Rxa4 Qc7 16. b3 Bd7 17. Ra2 a5 18. Ba3 Be7 19. Qd3 a4 20. Rfa1 axb3
21. cxb3 Be6 22. h4 Rfc8 23. Kh2 Qb7 24. Rb2 Qa6 25. Qd2 Qb6 26. b4 h6 27. b5
Bc4 28. Bh3 Rcb8 29. Qc3 Bxb5 30. Rab1 Qa7 31. Rxb5 Rxb5 32. Rxb5 Qxa3 33. Qxa3
Ra5 34. Qa4 Rxa4 35. Rb7 Ra3 36. Bd7 Bf8 1/2-1/2

[Event "Memoria? Zamenhofa"]
[Site "Bialystok"]
[Date "2024.12.29"]
[Round "6.6"]
[White "Pidluznij, Gleb"]
[Black "Rudolf, Michal"]
[Result "1/2-1/2"]
[WhiteElo "2422"]
[BlackElo "2284"]
[PlyCount "149"]
[EventDate "2024.??.??"]

1. e4 c5 2. Nf3 d6 3. Bb5+ Bd7 4. Bxd7+ Qxd7 5. c4 Nf6 6. Nc3 g6 7. d4 cxd4 8.
Nxd4 Bg7 9. f3 O-O 10. Be3 Nc6 11. O-O a6 12. Qd3 Rfc8 13. b3 b5 14. cxb5 Ne5
15. Qd2 d5 16. Nc6 Nxc6 17. bxc6 Qxc6 18. Nxd5 Nxd5 19. exd5 Qb7 20. Rac1 Rd8
21. Rfd1 a5 22. Rc4 Be5 23. Bc5 Ra6 24. f4 Bd6 25. Bxd6 Rdxd6 26. Qc3 Ra8 27.
Rc7 Qb6+ 28. Qc5 Qb4 29. Qxb4 axb4 30. Rxe7 Rxa2 31. Rb7 Ra5 32. Rxb4 Raxd5 33.
Rxd5 Rxd5 34. Kf2 Rd2+ 35. Kf3 Rc2 36. Rc4 Rb2 37. Rc3 Kg7 38. h4 h5 39. g3 Kf6
40. Ke4 Ke6 41. Kd4 Kd6 42. Kc4 Kc6 43. b4 Rb1 44. Rb3 Rc1+ 45. Kd4 Kb5 46. Rc3
Ra1 47. Rc7 Rg1 48. Rc5+ Kxb4 49. Rg5 Ra1 50. f5 Ra6 51. fxg6 fxg6 52. Re5 Ra3
53. Rg5 Ra6 54. Re5 Ra3 55. Re3 Ra5 56. Re1 Kb3 57. Ke4 g5 58. hxg5 Rxg5 59.
Kf4 Rg4+ 60. Kf3 Rg5 61. Rc1 Kb4 62. Kf4 Rg4+ 63. Kf3 Rg5 64. Rc7 Kb5 65. Rc8
Kb4 66. Rc1 Kb5 67. Rc8 Kb4 68. Rc6 Kb5 69. Rc2 Kb4 70. Kf4 Rg4+ 71. Kf3 Rg5
72. Rc6 Kb5 73. Rc7 Kb4 74. Rc6 Kb5 75. Ke4 1/2-1/2

[Event "Memoria? Zamenhofa"]
[Site "Bialystok"]
[Date "2024.12.29"]
[Round "6.7"]
[White "Malisauskas, Vidmantas"]
[Black "Cukrowski, Filip"]
[Result "0-1"]
[WhiteElo "2315"]
[BlackElo "2403"]
[PlyCount "48"]
[EventDate "2024.??.??"]

1. d4 Nf6 2. c4 e6 3. Nf3 d5 4. Nc3 Be7 5. Bf4 O-O 6. e3 c6 7. Qc2 Nbd7 8. cxd5
Nxd5 9. Nxd5 exd5 10. O-O-O c5 11. Bd3 h6 12. g4 cxd4 13. exd4 Nf6 14. Bc7 Qe8
15. g5 hxg5 16. Nxg5 Be6 17. Bh7+ Kh8 18. Nxe6 fxe6 19. Bg6 Qd7 20. Rd3 Rfc8
21. Bf7 e5 22. Kb1 Rxc7 23. Qb3 Qf5 24. dxe5 Ng4 0-1

[Event "Memoria? Zamenhofa"]
[Site "Bialystok"]
[Date "2024.12.29"]
[Round "6.8"]
[White "Czernek, Tymon"]
[Black "Backiel, Hubert"]
[Result "1-0"]
[WhiteElo "2353"]
[BlackElo "2260"]
[PlyCount "181"]
[EventDate "2024.??.??"]

1. e4 c5 2. Nf3 d6 3. d4 cxd4 4. Nxd4 Nf6 5. Nc3 Nc6 6. Bc4 Qb6 7. Nb3 e6 8.
Bf4 Ne5 9. Be2 Bd7 10. Qd2 Rc8 11. f3 a6 12. g4 h6 13. O-O-O Qc7 14. a4 g5 15.
Be3 Nc4 16. Bxc4 Qxc4 17. Kb1 b5 18. axb5 axb5 19. Qd4 b4 20. Qxc4 Rxc4 21. Na2
Be7 22. Nd2 Rc8 23. Nxb4 h5 24. h3 Rg8 25. Nd3 Bb5 26. Nb3 d5 27. e5 Nd7 28.
Bd4 Ba4 29. Ndc1 Bd8 30. Bc3 Bc7 31. Rde1 Bb6 32. Rh2 Rh8 33. Rg2 Rc4 34. Nd2
Rc8 35. Ncb3 Nf8 36. Bd4 Bxd4 37. Nxd4 Ng6 38. gxh5 Rxh5 39. Rg4 Rxh3 40. Rxg5
Rh2 41. Rd1 Ke7 42. b3 Be8 43. Nf1 Rh1 44. Kb2 f6 45. exf6+ Kxf6 46. Rg4 Bd7
47. f4 Rch8 48. Ra1 R8h4 49. Ne3 Rxa1 50. Kxa1 Rxg4 51. Nxg4+ Ke7 52. Ne2 Bb5
53. Nc3 Bc6 54. Ne5 Be8 55. Nxg6+ Bxg6 56. Kb2 Kd6 57. Ne2 e5 58. fxe5+ Kxe5
59. Kc3 Kd6 60. b4 Ke5 61. Nd4 Be8 62. Nf3+ Ke4 63. Nd4 Ke5 64. Kd3 Bg6+ 65.
Ke3 Be8 66. c3 Bd7 67. Nf3+ Kd6 68. Kd4 Bh3 69. Nd2 Kc6 70. Nb3 Bg2 71. Nc1 Bf1
72. Nd3 Kd6 73. Ne5 Be2 74. Ke3 Bf1 75. Nf3 Bc4 76. Kf4 Bd3 77. Nd4 Bb1 78. Kg5
Ke5 79. b5 Bd3 80. b6 Ba6 81. Nb5 Bb7 82. Kg4 Ke6 83. Kf4 Bc8 84. Ke3 Ke5 85.
Kd3 Bb7 86. Kc2 Ke6 87. Kb3 Kd7 88. Nd4 Kd6 89. Kb4 Ba6 90. Ka5 Bd3 91. Ne6 1-0

[Event "Memoria? Zamenhofa"]
[Site "Bialystok"]
[Date "2024.12.29"]
[Round "6.9"]
[White "Krol, Jan"]
[Black "Mulawa, Cyprian"]
[Result "0-1"]
[WhiteElo "2067"]
[BlackElo "2353"]
[PlyCount "88"]
[EventDate "2024.??.??"]

1. e4 e6 2. d4 d5 3. e5 c5 4. c3 Nc6 5. Nf3 Qb6 6. a3 Bd7 7. b4 cxd4 8. cxd4
Rc8 9. Be3 Nge7 10. Bd3 Nf5 11. O-O Nxe3 12. fxe3 Be7 13. Nbd2 Qd8 14. Nb3 b6
15. Qb1 g6 16. Ra2 O-O 17. Raf2 Kg7 18. h3 Be8 19. Kh1 a5 20. b5 a4 21. bxc6
axb3 22. Qxb3 Bxc6 23. Rc2 Bd7 24. Rxc8 Qxc8 25. a4 Qc7 26. Rb1 Rc8 27. Ba6 Ra8
28. Bb5 Bxb5 29. Qxb5 Bd8 30. Qe8 Qa7 31. Ra1 Bg5 32. Qc6 Bxe3 33. Qc3 Bf4 34.
h4 Kg8 35. Ne1 Bh6 36. Nd3 Qa5 37. Qc6 b5 38. Nc5 bxa4 39. Nb7 Qa6 40. Qd7 Qe2
41. Nd8 Qf2 42. Qe8+ Bf8 43. g3 Rb8 44. Ra2 Rb1# 0-1

[Event "Memoria? Zamenhofa"]
[Site "Bialystok"]
[Date "2024.12.29"]
[Round "6.10"]
[White "Suska, Szymon"]
[Black "Janeczko, Jakub"]
[Result "1/2-1/2"]
[WhiteElo "2050"]
[BlackElo "2326"]
[PlyCount "46"]
[EventDate "2024.??.??"]

1. Nf3 c5 2. c4 Nf6 3. Nc3 Nc6 4. g3 g6 5. Bg2 Bg7 6. O-O O-O 7. d3 d5 8. cxd5
Nxd5 9. Nxd5 Qxd5 10. Be3 Bxb2 11. Rb1 Bf6 12. Nd4 Qxa2 13. Nxc6 bxc6 14. Bxc6
Bh3 15. Bxa8 Rxa8 16. Qb3 Qxb3 17. Rxb3 Bxf1 18. Kxf1 Bd4 19. Bc1 a5 20. Ba3 a4
21. Rb5 f6 22. e3 Be5 23. Ke2 Bd6 1/2-1/2

[Event "Memoria? Zamenhofa"]
[Site "Bialystok"]
[Date "2024.12.29"]
[Round "6.11"]
[White "Kirtadze, Anastasia"]
[Black "Morchiashvili, Bachana"]
[Result "0-1"]
[WhiteElo "2047"]
[BlackElo "2265"]
[PlyCount "102"]
[EventDate "2024.??.??"]

1. e4 c5 2. Nf3 Nc6 3. Bb5 d6 4. O-O Bd7 5. c3 Nf6 6. Re1 a6 7. Bf1 Bg4 8. h3
Bxf3 9. Qxf3 g6 10. d3 Bg7 11. g4 O-O 12. Qg3 b5 13. Bg2 Rc8 14. Be3 b4 15. Nd2
Nd7 16. Rec1 Nb6 17. a4 Qe8 18. a5 Nd7 19. f4 Qd8 20. Nc4 bxc3 21. bxc3 Qc7 22.
Qf3 Rfd8 23. h4 e6 24. Qe2 Rb8 25. Ra3 Rb5 26. Rca1 Rdb8 27. Qc2 Ne7 28. Bc1
Nf6 29. g5 Nd7 30. Bf3 d5 31. Nb6 Nxb6 32. axb6 R5xb6 33. Rxa6 Rxa6 34. Rxa6 d4
35. e5 Nf5 36. Be4 dxc3 37. Qxc3 Nxh4 38. Rc6 Qd8 39. Qxc5 h6 40. Qf2 hxg5 41.
fxg5 Nf5 42. Bxf5 gxf5 43. d4 Qd5 44. Rc5 Qe4 45. Qe3 Qg4+ 46. Kf2 Qh4+ 47. Ke2
Bf8 48. Rc4 Ra8 49. Qb3 Ra2+ 50. Kd3 Qe4+ 51. Kc3 Qf3+ 0-1

[Event "Memoria? Zamenhofa"]
[Site "Bialystok"]
[Date "2024.12.29"]
[Round "6.12"]
[White "Rekuc, Patryk"]
[Black "Karut, Kacper"]
[Result "1-0"]
[WhiteElo "2264"]
[BlackElo "2115"]
[PlyCount "107"]
[EventDate "2024.??.??"]

1. c4 Nf6 2. Nf3 g6 3. d4 Bg7 4. Nc3 d6 5. g3 O-O 6. Bg2 Nc6 7. Bf4 Nh5 8. Bg5
h6 9. Be3 Nf6 10. h3 e5 11. dxe5 Nxe5 12. Nxe5 dxe5 13. Qc1 Kh7 14. Bc5 Rg8 15.
Qe3 c6 16. O-O Be6 17. b3 Nd7 18. Ba3 f5 19. Rad1 Qa5 20. Bb2 Rge8 21. Qc1 e4
22. Na4 Ne5 23. Bc3 Qc7 24. Nc5 b6 25. Na6 Qb7 26. Nb4 Rad8 27. Qb2 c5 28. Bxe5
cxb4 29. Bf6 Qf7 30. Bxg7 Qxg7 31. Qc1 Qc3 32. Qf4 Qg7 33. Rd6 g5 34. Qd2 Rxd6
35. Qxd6 Qe7 36. Rd1 Qxd6 37. Rxd6 Kg7 38. f3 Kf6 39. fxe4 Ke5 40. Rd1 fxe4 41.
Kf2 Re7 42. Ke3 Rd7 43. Rf1 Bf5 44. g4 Bg6 45. Ra1 a5 46. Rc1 a4 47. c5 axb3
48. axb3 bxc5 49. Rxc5+ Kf6 50. Rc4 Rd1 51. Rxb4 Rc1 52. Rc4 Rb1 53. Rc6+ Kg7
54. Rxg6+ 1-0

[Event "Memoria? Zamenhofa"]
[Site "Bialystok"]
[Date "2024.12.29"]
[Round "6.13"]
[White "Szostko, Jakub"]
[Black "Flak, Pawel"]
[Result "1-0"]
[WhiteElo "2220"]
[BlackElo "2131"]
[PlyCount "121"]
[EventDate "2024.??.??"]

1. e4 Nf6 2. e5 Nd5 3. d4 d6 4. c4 Nb6 5. exd6 exd6 6. Nc3 Be7 7. Bd3 c6 8.
Nge2 d5 9. c5 N6d7 10. Rb1 O-O 11. O-O Re8 12. Ng3 g6 13. h3 Nf8 14. b4 Ne6 15.
Nce2 Ng7 16. Kh1 Nd7 17. Bd2 Nf8 18. Ng1 Nge6 19. Nf3 Bf6 20. Be3 Qc7 21. Qd2
Bg7 22. Rfe1 Bd7 23. Bc2 a5 24. a3 axb4 25. axb4 Ra2 26. Ra1 Rea8 27. Qc3 Qb8
28. Rxa2 Rxa2 29. Bb3 Ra3 30. Bc1 Ra8 31. Ne5 Be8 32. f4 f6 33. Nd3 Bd7 34. b5
Nc7 35. b6 Ne8 36. Nf2 f5 37. Nd3 Nf6 38. Ne5 Be6 39. Be3 Ne4 40. Nxe4 fxe4 41.
Ra1 Nd7 42. Ra5 Nxe5 43. fxe5 Qf8 44. Kg1 Re8 45. Qd2 h6 46. Bd1 Kh7 47. Ra7
Re7 48. Be2 Qf7 49. Qd1 Qe8 50. Qa1 Qf7 51. Ra8 Re8 52. Qa7 Bc8 53. Rb8 h5 54.
Ba6 Bh6 55. Bxh6 Kxh6 56. Rxc8 e3 57. Rxe8 Qf2+ 58. Kh1 Qe1+ 59. Kh2 h4 60. Rf8
e2 61. Bxe2 1-0

[Event "Memoria? Zamenhofa"]
[Site "Bialystok"]
[Date "2024.12.29"]
[Round "6.14"]
[White "Kulig, Pawel"]
[Black "Sliwicki, Damian"]
[Result "1/2-1/2"]
[WhiteElo "2033"]
[BlackElo "2172"]
[PlyCount "57"]
[EventDate "2024.??.??"]

1. e4 c5 2. Nf3 e6 3. d4 cxd4 4. Nxd4 a6 5. c4 Nf6 6. Nc3 Bb4 7. Qd3 Nc6 8. Bf4
d5 9. exd5 exd5 10. O-O-O O-O 11. Bg5 Be7 12. Nf5 Bxf5 13. Qxf5 g6 14. Qf3 d4
15. h4 Qa5 16. Bxf6 Bxf6 17. Nd5 Bg7 18. Kb1 Rae8 19. Bd3 Nb4 20. Nxb4 Qxb4 21.
h5 Re6 22. hxg6 hxg6 23. a3 Qb6 24. Rde1 Rfe8 25. Rxe6 Rxe6 26. Qg4 Re8 27. Ka2
Qc6 28. Qg5 b6 29. Kb1 1/2-1/2

[Event "Memoria? Zamenhofa"]
[Site "Bialystok"]
[Date "2024.12.29"]
[Round "6.15"]
[White "Moczulski, Michal"]
[Black "Szewczyk, Mariusz"]
[Result "1/2-1/2"]
[WhiteElo "1977"]
[BlackElo "2171"]
[PlyCount "94"]
[EventDate "2024.??.??"]

1. e4 c6 2. d4 d5 3. e5 Bf5 4. Nd2 e6 5. Nb3 Nd7 6. Be3 Ne7 7. Nf3 Bg6 8. Nh4
Nf5 9. Nxf5 Bxf5 10. Be2 f6 11. f4 fxe5 12. dxe5 Qh4+ 13. g3 Qh6 14. Bd3 Nxe5
15. Bxf5 exf5 16. Qe2 Ng4 17. Bd4+ Kf7 18. O-O-O Bd6 19. Qd3 Qe6 20. Rhe1 Qd7
21. h3 Nf6 22. Bxf6 Kxf6 23. c4 Rhe8 24. Rxe8 Rxe8 25. cxd5 c5 26. Kb1 Qe7 27.
Na5 a6 28. g4 g6 29. gxf5 gxf5 30. Nc4 Bxf4 31. Qc3+ Kf7 32. d6 Qe4+ 33. Ka1
Qe2 34. Qb3 Kf8 35. Nb6 Bxd6 36. Qd5 Qxd1+ 37. Qxd1 Bg3 38. Nd7+ Kg7 39. Ne5
Rxe5 40. Qd7+ Kf6 41. Qd8+ Kf7 42. Kb1 f4 43. Qd7+ Re7 44. Qf5+ Ke8 45. Qc8+
Kf7 46. Qf5+ Kg7 47. Qg5+ Kf7 1/2-1/2

[Event "Memoria? Zamenhofa"]
[Site "Bialystok"]
[Date "2024.12.29"]
[Round "6.16"]
[White "Smetek, Michal"]
[Black "Woznicki, Tomasz"]
[Result "1-0"]
[WhiteElo "2157"]
[BlackElo "1987"]
[PlyCount "85"]
[EventDate "2024.??.??"]

1. d4 Nf6 2. c4 g6 3. Nc3 d5 4. Qb3 dxc4 5. Qxc4 Bg7 6. e4 c6 7. Nf3 O-O 8. h3
Nbd7 9. Bf4 Nb6 10. Qb3 Be6 11. Qc2 Bc4 12. Bxc4 Nxc4 13. O-O Nb6 14. a4 Rc8
15. Rfd1 e6 16. a5 Na8 17. Qb3 Qe7 18. Bg5 Qc7 19. a6 Rb8 20. axb7 Rxb7 21. Qc2
Rfb8 22. Na4 Rb5 23. Rdc1 c5 24. dxc5 Rb4 25. Re1 Nd7 26. Bd2 R4b5 27. Bc3 Bxc3
28. Qxc3 Nxc5 29. Nxc5 Rxc5 30. Qf6 Nb6 31. Red1 Nd7 32. Qe7 Nf8 33. Rxa7 Qxe7
34. Rxe7 Rcb5 35. Rc1 Rxb2 36. Rcc7 Re2 37. Rxf7 Rxe4 38. Ng5 Rh4 39. g3 Rh5
40. Ne4 Rh6 41. Nf6+ Kh8 42. Rg7 Nd7 43. Rcxd7 1-0

[Event "Memoria? Zamenhofa"]
[Site "Bialystok"]
[Date "2024.12.29"]
[Round "6.17"]
[White "Trochimczuk, Szymon"]
[Black "Kaganskiy, Gleb"]
[Result "1/2-1/2"]
[WhiteElo "1973"]
[BlackElo "2219"]
[PlyCount "52"]
[EventDate "2024.??.??"]

1. d4 d5 2. c4 e6 3. Nc3 c5 4. cxd5 exd5 5. Nf3 Nc6 6. g3 Nf6 7. Bg2 cxd4 8.
Nxd4 Bc5 9. Nb3 Bb6 10. O-O d4 11. Na4 O-O 12. Bg5 Re8 13. Nxb6 axb6 14. Re1 h6
15. Bxf6 Qxf6 16. Bxc6 bxc6 17. Qxd4 Qd8 18. Qxd8 Rxd8 19. Red1 Rxd1+ 20. Rxd1
Be6 21. Nc1 Bxa2 22. Nxa2 Rxa2 23. Rd8+ Kh7 24. Rd6 Rxb2 25. Rxc6 Rxe2 26. Rxb6
Re7 1/2-1/2

[Event "Memoria? Zamenhofa"]
[Site "Bialystok"]
[Date "2024.12.29"]
[Round "6.18"]
[White "Kucza, Karol"]
[Black "Lecki, Leonard"]
[Result "1/2-1/2"]
[WhiteElo "2346"]
[BlackElo "2091"]
[PlyCount "49"]
[EventDate "2024.??.??"]

1. e4 e5 2. Nf3 Nf6 3. Nxe5 d6 4. Nf3 Nxe4 5. Nc3 Nxc3 6. dxc3 Be7 7. Be3 O-O
8. Qd2 Nd7 9. O-O-O Nf6 10. Bd3 Re8 11. Kb1 c5 12. Rhe1 d5 13. Bg5 Be6 14. Qf4
a6 15. Re5 b5 16. Qh4 g6 17. Rde1 Rb8 18. Rxe6 fxe6 19. Ne5 Nh5 20. Bxe7 Qxe7
21. Qxe7 Rxe7 22. Nc6 Rbe8 23. Nxe7+ Rxe7 24. Be2 Nf6 25. f3 1/2-1/2

[Event "Memoria? Zamenhofa"]
[Site "Bialystok"]
[Date "2024.12.29"]
[Round "6.19"]
[White "Baginskaite, Kamile"]
[Black "Radzimski, Antoni"]
[Result "1-0"]
[WhiteElo "2091"]
[BlackElo "2290"]
[PlyCount "94"]
[EventDate "2024.??.??"]

1. d4 Nf6 2. c4 e6 3. Nf3 Bb4+ 4. Bd2 a5 5. g3 d5 6. Qc2 O-O 7. Bg2 c5 8. cxd5
cxd4 9. Bxb4 axb4 10. Nxd4 Qb6 11. e3 exd5 12. Nd2 Nc6 13. N2b3 Nxd4 14. Nxd4
Bd7 15. O-O Rfc8 16. Qb3 Qc5 17. a3 bxa3 18. Rxa3 Rxa3 19. Qxa3 Qb6 20. h3 h5
21. b3 Qc7 22. Qb2 Ne4 23. Nf3 Nf6 24. Qe5 Qc5 25. Nd4 b5 26. Rd1 b4 27. Kh2 h4
28. gxh4 Re8 29. Qg5 Qd6+ 30. Qg3 Qxg3+ 31. Kxg3 Rc8 32. Ra1 Kf8 33. Ra7 Ke7
34. Rb7 Kd6 35. Rxb4 Rh8 36. Bf3 Kc7 37. Ne2 Kd6 38. Rd4 Rb8 39. b4 Rc8 40. Nf4
Rc4 41. Rxc4 dxc4 42. Ne2 Ne8 43. Nc3 Nc7 44. Kf4 Ne6+ 45. Kg3 Nc7 46. Be2 Be6
47. Kf4 Na6 1-0

[Event "Memoria? Zamenhofa"]
[Site "Bialystok"]
[Date "2024.12.29"]
[Round "6.20"]
[White "Levi, Netanel"]
[Black "Borowik, Wojciech"]
[Result "1-0"]
[WhiteElo "2193"]
[BlackElo "2087"]
[PlyCount "98"]
[EventDate "2024.??.??"]

1. e4 c5 2. Nf3 g6 3. c3 d5 4. exd5 Qxd5 5. d4 Bg7 6. Na3 cxd4 7. Bc4 Qa5 8. b4
Qb6 9. Qb3 Be6 10. Bxe6 Qxe6+ 11. Qxe6 fxe6 12. Ng5 d3 13. Bb2 Na6 14. Nxe6 Be5
15. Nc4 Bf6 16. b5 Kf7 17. bxa6 Kxe6 18. axb7 Rb8 19. Na5 Be5 20. Nc6 Nf6 21.
Nxb8 Rxb8 22. O-O-O Ne4 23. Rxd3 Nxf2 24. Re3 Kd7 25. Kc2 Nxh1 26. Rxe5 Nf2 27.
Ba3 Rxb7 28. Rxe7+ Kc6 29. Rxb7 Kxb7 30. Bc5 Ne4 31. Bd4 a6 32. Kd3 Nd6 33. Be5
Nf5 34. g4 Nh6 35. h3 Nf7 36. Bf4 Kc6 37. Kd4 h5 38. g5 Kd7 39. Kc5 Ke6 40. Kb6
Kf5 41. Bc1 Ne5 42. Kxa6 Nd3 43. Bd2 h4 44. c4 Nf2 45. c5 Ne4 46. c6 Ke6 47.
Kb7 Nc5+ 48. Kc8 Kd6 49. Bb4 Kd5 1-0